{"text_format":"3","workbook":"xlsx","n_sheets":1,"sheets":["Протокол ШЭ ВОШ по предмету"],"not_rendered":{"defined_names":1},"read":"whole","date_system":"1900"}

{"sheet":"Протокол ШЭ ВОШ по предмету","index":0,"n_rows":45,"n_cols":15,"rows_kept":45}
["№","Фамилия","Имя","Отчество","Дата рождения","Пол","Участник с ОВЗ (да/нет)","Класс обучения","Класс участия","Балл","Максимальный балл","Статус","Призёр муниципального этапа прошлого года","ФИО учителя","Место работы учителя"]
[1,"Насыбуллин","Искандер","Маратович","2011-08-05","м","нет",5,5,17.6,25,"Призер","нет","Ахмадиева Р.Ф","Муниципальное бюджетное общеобразовательное учреждение \"Арская СОШ №2\" г.Арска Республики Татарстан"]
[2,"Гилазутдинова","Адиля","Алмазовна","2011-03-24","ж","нет",5,5,14.6,25,"Призер","нет","Ахмадиева Р.Ф","Муниципальное бюджетное общеобразовательное учреждение \"Арская СОШ №2\" г.Арска Республики Татарстан"]
[3,"Магсумов","Карим","Ахтямович","2011-05-09","м","нет",5,5,17.6,25,"Призер","нет","Ахмадиева Р.Ф","Муниципальное бюджетное общеобразовательное учреждение \"Арская СОШ №2\" г.Арска Республики Татарстан"]
[4,"Садыков","Арсений","Арнольдович","2011-09-23","м","нет",5,5,15,25,"Призер","нет","Ахмадиева Р.Ф","Муниципальное бюджетное общеобразовательное учреждение \"Арская СОШ №2\" г.Арска Республики Татарстан"]
[5,"Насифуллина","Эльвира","Маратовна","2011-07-08","ж","нет",5,5,15.8,25,"Призер","нет","Ахмадиева Р.Ф","Муниципальное бюджетное общеобразовательное учреждение \"Арская СОШ №2\" г.Арска Республики Татарстан"]
[6,"Фархуллина","Сафина","Айратовна","2011-09-30","ж","нет",5,5,21.2,25,"Призер","нет","Файзрахманова Г.А.","Муниципальное бюджетное общеобразовательное учреждение \"Арская СОШ №2\" г.Арска Республики Татарстан"]
[7,"Матыгуллин","Амир","Айратович","2011-02-08","м","нет",5,5,19.8,25,"Призер","нет","Файзрахманова Г.А.","Муниципальное бюджетное общеобразовательное учреждение \"Арская СОШ №2\" г.Арска Республики Татарстан"]
[8,"Галимова","Зиля","Альфредовна","2011-06-30","ж","нет",5,5,16.8,52,"Призер","нет","Файзрахманова Г.А.","Муниципальное бюджетное общеобразовательное учреждение \"Арская СОШ №2\" г.Арска Республики Татарстан"]
[9,"Гараева","Самира","Булатовна","2011-03-26","ж","нет",5,5,22.2,25,"Победитель","нет","Файзрахманова Г.А.","Муниципальное бюджетное общеобразовательное учреждение \"Арская СОШ №2\" г.Арска Республики Татарстан"]
[10,"Хасбиуллин","Аяз","Айратович","2011-05-02","м","нет",5,5,20.2,25,"Призер","нет","Файзрахманова Г.А.","Муниципальное бюджетное общеобразовательное учреждение \"Арская СОШ №2\" г.Арска Республики Татарстан"]
[11,"Файзуллин","Арсен","Рашидович","2010-05-05","м","нет",6,6,20.4,25,"Призер","нет","Ахмадиева Р.Ф","Муниципальное бюджетное общеобразовательное учреждение \"Арская СОШ №2\" г.Арска Республики Татарстан"]
[12,"Степанова","Лилиана","Вадимовна","2010-04-01","ж","нет",6,6,21.4,25,"Победитель","нет","Ахмадиева Р.Ф","Муниципальное бюджетное общеобразовательное учреждение \"Арская СОШ №2\" г.Арска Республики Татарстан"]
[13,"Минзиева","Эльза","Ильнуровна","2010-06-04","ж","нет",6,6,17.6,25,"Призер","нет","Ахмадиева Р.Ф","Муниципальное бюджетное общеобразовательное учреждение \"Арская СОШ №2\" г.Арска Республики Татарстан"]
[14,"Гайфуллина","Ильвина","Ирековна","2010-07-23","ж","нет",6,6,17.6,25,"Призер","нет","Ахмадиева Р.Ф","Муниципальное бюджетное общеобразовательное учреждение \"Арская СОШ №2\" г.Арска Республики Татарстан"]
[15,"Батыршина","Исламия","Рустемовна","2010-01-04","ж","нет",6,6,13.6,25,"Призер","нет","Ахмадиева Р.Ф","Муниципальное бюджетное общеобразовательное учреждение \"Арская СОШ №2\" г.Арска Республики Татарстан"]
[16,"Ханафиева","Наиля","Айратовна","2010-10-06","ж","нет",6,6,13.4,25,"Призер","нет","Ахмадиева Р.Ф","Муниципальное бюджетное общеобразовательное учреждение \"Арская СОШ №2\" г.Арска Республики Татарстан"]
[17,"Насифуллин","Алмаз","Маратович","2009-07-15","м","нет",7,7,21,30,"Призер","нет","Файзрахманова Г.А.","Муниципальное бюджетное общеобразовательное учреждение \"Арская СОШ №2\" г.Арска Республики Татарстан"]
[18,"Усманов","Марсель","Наилевич","2009-04-02","м","нет",7,7,21,30,"Призер","нет","Файзрахманова Г.А.","Муниципальное бюджетное общеобразовательное учреждение \"Арская СОШ №2\" г.Арска Республики Татарстан"]
[19,"Файзуллаев","Аслан","Фарходович","2009-10-30","м","нет",7,7,23.2,30,"Победитель","нет","Файзрахманова Г.А.","Муниципальное бюджетное общеобразовательное учреждение \"Арская СОШ №2\" г.Арска Республики Татарстан"]
[20,"Савинкина","Марина","Игоревна","2008-12-25","ж","нет",7,7,20.2,30,"Призер","нет","Файзрахманова Г.А.","Муниципальное бюджетное общеобразовательное учреждение \"Арская СОШ №2\" г.Арска Республики Татарстан"]
[21,"Яруллина","Азалия","Ринатовна","2009-05-01","ж","нет",7,7,21.4,30,"Призер","нет","Файзрахманова Г.А.","Муниципальное бюджетное общеобразовательное учреждение \"Арская СОШ №2\" г.Арска Республики Татарстан"]
[22,"Гилязиев","Булат","Ленарович","2009-06-29","м","нет",7,7,18.6,30,"Призер","нет","Файзрахманова Г.А.","Муниципальное бюджетное общеобразовательное учреждение \"Арская СОШ №2\" г.Арска Республики Татарстан"]
[23,"Асатов","Азат","Маратович","2008-07-01","м","нет",8,8,16.3,33,"Участник","нет","Файзрахманова Г.А.","Муниципальное бюджетное общеобразовательное учреждение \"Арская СОШ №2\" г.Арска Республики Татарстан"]
[24,"Гараев","Аскар","Харисович","2008-07-04","м","нет",8,8,19.8,33,"Призер","нет","Файзрахманова Г.А.","Муниципальное бюджетное общеобразовательное учреждение \"Арская СОШ №2\" г.Арска Республики Татарстан"]
[25,"Гатауллина","Айгуль","Айратовна","2008-04-08","ж","нет",8,8,14.4,33,"Участник","нет","Файзрахманова Г.А.","Муниципальное бюджетное общеобразовательное учреждение \"Арская СОШ №2\" г.Арска Республики Татарстан"]
[26,"Абдрахманова","Камилла","Ленаровна","2008-04-09","ж","нет",8,8,21.31,33,"Призер","нет","Файзрахманова Г.А.","Муниципальное бюджетное общеобразовательное учреждение \"Арская СОШ №2\" г.Арска Республики Татарстан"]
[27,"Салахутдинова","Адиля","Рафилевна","2008-09-05","ж","нет",8,8,22.6,33,"Призер","нет","Файзрахманова Г.А.","Муниципальное бюджетное общеобразовательное учреждение \"Арская СОШ №2\" г.Арска Республики Татарстан"]
[28,"Халиуллин","Булат","Мулланурович","2008-05-18","м","нет",8,8,22.5,33,"Призер","нет","Файзрахманова Г.А.","Муниципальное бюджетное общеобразовательное учреждение \"Арская СОШ №2\" г.Арска Республики Татарстан"]
[29,"Шакирова","Самира","Рустемовна","2008-09-11","ж","нет",8,8,26.6,33,"Победитель","да","Файзрахманова Г.А.","Муниципальное бюджетное общеобразовательное учреждение \"Арская СОШ №2\" г.Арска Республики Татарстан"]
[30,"Митрофанов","Степан","Максимович","2008-11-27","м","нет",8,8,24.2,33,"Призер","нет","Файзрахманова Г.А.","Муниципальное бюджетное общеобразовательное учреждение \"Арская СОШ №2\" г.Арска Республики Татарстан"]
[31,"Ситдиков","Раиль","Рашитович","2008-09-15","м","нет",8,8,23,33,"Призер","нет","Файзрахманова Г.А.","Муниципальное бюджетное общеобразовательное учреждение \"Арская СОШ №2\" г.Арска Республики Татарстан"]
[32,"Гибадуллин","Данияр","Маратович","2007-08-16","м","нет",9,9,31.7,57,"Призер","нет","Файзрахманова Г.А.","Муниципальное бюджетное общеобразовательное учреждение \"Арская СОШ №2\" г.Арска Республики Татарстан"]
[33,"Габдрахманов","Ислам","Маратович","2007-06-14","м","нет",9,9,33.5,57,"Призер","нет","Файзрахманова Г.А.","Муниципальное бюджетное общеобразовательное учреждение \"Арская СОШ №2\" г.Арска Республики Татарстан"]
[34,"Ахметгалимова","Ралина","Рамилевна","2007-07-10","ж","нет",9,9,35.8,57,"Победитель","нет","Файзрахманова Г.А.","Муниципальное бюджетное общеобразовательное учреждение \"Арская СОШ №2\" г.Арска Республики Татарстан"]
[35,"Бирючевская","Диана","Валериевна","2007-11-02","ж","нет",9,9,32.7,57,"Призер","нет","Файзрахманова Г.А.","Муниципальное бюджетное общеобразовательное учреждение \"Арская СОШ №2\" г.Арска Республики Татарстан"]
[36,"Рашитова","Ляйсан","Айратовна","2007-07-15","ж","нет",9,9,28.9,57,"Призер","нет","Файзрахманова Г.А.","Муниципальное бюджетное общеобразовательное учреждение \"Арская СОШ №2\" г.Арска Республики Татарстан"]
[37,"Комаров","Руслан","Евгеньевич","2007-03-05","м","нет",9,9,28.1,57,"Участник","нет","Файзрахманова Г.А.","Муниципальное бюджетное общеобразовательное учреждение \"Арская СОШ №2\" г.Арска Республики Татарстан"]
[38,"Абдуллина","Камиля","Наилевна","2006-08-23","ж","нет",10,10,35.8,64,"Победитель","нет","Файзрахманова Г.А.","Муниципальное бюджетное общеобразовательное учреждение \"Арская СОШ №2\" г.Арска Республики Татарстан"]
[39,"Валиуллина","Алия","Фоатовна","2006-03-05","ж","нет",10,10,27,64,"Участник","нет","Файзрахманова Г.А.","Муниципальное бюджетное общеобразовательное учреждение \"Арская СОШ №2\" г.Арска Республики Татарстан"]
[40,"Мусина","Зухра","Маратовна","2006-08-22","ж","нет",10,10,31.6,64,"Участник","нет","Файзрахманова Г.А.","Муниципальное бюджетное общеобразовательное учреждение \"Арская СОШ №2\" г.Арска Республики Татарстан"]
[41,"Байрамов","Данияр","Раилевич","2006-02-16","м","нет",11,11,57.8,71,"Победитель","нет","Файзрахманова Г.А.","Муниципальное бюджетное общеобразовательное учреждение \"Арская СОШ №2\" г.Арска Республики Татарстан"]
[42,"Низамова","Ралия","Радифовна","2005-03-06","ж","нет",11,11,42.3,71,"Призер","нет","Файзрахманова Г.А.","Муниципальное бюджетное общеобразовательное учреждение \"Арская СОШ №2\" г.Арска Республики Татарстан"]
[43,"Мингазова","Алсу","Рустамовна","2005-01-09","ж","нет",11,11,36.2,71,"Призер","нет","Файзрахманова Г.А.","Муниципальное бюджетное общеобразовательное учреждение \"Арская СОШ №2\" г.Арска Республики Татарстан"]
[44,"Шамсутдинов","Камиль","Фанисович","2005-10-23","м","нет",11,11,46.2,71,"Призер","нет","Файзрахманова Г.А.","Муниципальное бюджетное общеобразовательное учреждение \"Арская СОШ №2\" г.Арска Республики Татарстан"]